Detalles MARC
| 000 -LEADER |
| fixed length control field |
02913nam a2200529 i 4500 |
| 001 - CONTROL NUMBER |
| control field |
DIGUNCK0080 |
| 003 - CONTROL NUMBER IDENTIFIER |
| control field |
NyNyDIG |
| 006 - FIXED-LENGTH DATA ELEMENTS--ADDITIONAL MATERIAL CHARACTERISTICS |
| fixed length control field |
m o d |
| 008 - FIXED-LENGTH DATA ELEMENTS--GENERAL INFORMATION |
| fixed length control field |
201107s1998 ck ob 000 0 spa d |
| 007 - PHYSICAL DESCRIPTION FIXED FIELD--GENERAL INFORMATION |
| fixed length control field |
cr ||||||||||| |
| 035 ## - SYSTEM CONTROL NUMBER |
| System control number |
(OCoLC)652367386 |
| 040 ## - CATALOGING SOURCE |
| Original cataloging agency |
DGITA |
| Language of cataloging |
eng |
| Description conventions |
rda |
| -- |
pn |
| Transcribing agency |
DGITA |
| 020 ## - INTERNATIONAL STANDARD BOOK NUMBER |
| Canceled/invalid ISBN |
9789589625941 |
| 020 ## - INTERNATIONAL STANDARD BOOK NUMBER |
| Canceled/invalid ISBN |
9589625940 |
| 043 ## - GEOGRAPHIC AREA CODE |
| Geographic area code |
s-ck--- |
| 050 14 - LIBRARY OF CONGRESS CALL NUMBER |
| Classification number |
HQ1552 ebook |
| 082 04 - DEWEY DECIMAL CLASSIFICATION NUMBER |
| Classification number |
305.4209861 |
| 049 ## - LOCAL HOLDINGS (OCLC) |
| Holding library |
CSLG |
| 245 00 - TITLE STATEMENT |
| Title |
Mujeres, hombres y cambio social / |
| Statement of responsibility, etc. |
Luz Gabriela Arango [and 9 others] ; presentación, Angela Inés Robledo ; introduction, Juanita Barreto y Yolanda Puyana. |
| 264 #1 - PRODUCTION, PUBLICATION, DISTRIBUTION, MANUFACTURE, AND COPYRIGHT NOTICE |
| Place of production, publication, distribution, manufacture |
Bogotá : |
| Name of producer, publisher, distributor, manufacturer |
Universidad Nacional de Colombia, Sede Bogotá, Facultad de Ciencias Humanas, Centro de Estudios Sociales-CES, |
| Date of production, publication, distribution, manufacture, or copyright notice |
[1998] |
| 264 #3 - PRODUCTION, PUBLICATION, DISTRIBUTION, MANUFACTURE, AND COPYRIGHT NOTICE |
| Date of production, publication, distribution, manufacture, or copyright notice |
segunda reimpresión 2013 |
| 300 ## - PHYSICAL DESCRIPTION |
| Extent |
1 online resource. |
| 336 ## - CONTENT TYPE |
| Content type term |
text |
| Content type code |
txt |
| Source |
rdacontent |
| 337 ## - MEDIA TYPE |
| Media type term |
computer |
| Media type code |
c |
| Source |
rdamedia |
| 338 ## - CARRIER TYPE |
| Carrier type term |
online resource |
| Carrier type code |
cr |
| Source |
rdacarrier |
| 347 ## - DIGITAL FILE CHARACTERISTICS |
| File type |
text file |
| Source |
rdaft |
| 347 ## - DIGITAL FILE CHARACTERISTICS |
| Encoding format |
PDF |
| 490 1# - SERIES STATEMENT |
| Series statement |
Colección CES |
| 504 ## - BIBLIOGRAPHY, ETC. NOTE |
| Bibliography, etc. note |
Includes bibliographical references. |
| 505 0# - FORMATTED CONTENTS NOTE |
| Formatted contents note |
"Que mis hijas no sufran lo que yo sufrí" : dinámica de la socialización de un grupo de mujeres de sectores populares : estudio de caso sobre la región cundiboyacense / Yolanda Puyana y Cristina Orduz -- La elección de la esterilización masculina : alianzas, arbitrajes y desencuentros conyugales / Mara Viveros Vigoya y Fredy Gómez Alcaraz -- "Yo digo que ellos son un león de papel y que hay un tigre dormido" : barrancabermeja: palabras, imágenes y relaciones de género / Juanita Barreto Gama y Luz Estela Giraldo Aristizábal -- Del paternalismo al terror de mercado : género, reestructuración y relaciones laborales en la industria textil / Luz Gabriela Arango -- Mujeres, derechos a la tierra y contrarreformas en América Latina / Carmen Diana Deere y Magdalena León. |
| 588 0# - SOURCE OF DESCRIPTION NOTE |
| Source of description note |
Online resource; title from PDF title page (Digitalia, viewed November 9, 2020) |
| 650 #0 - SUBJECT ADDED ENTRY--TOPICAL TERM |
| Topical term or geographic name entry element |
Women |
| Geographic subdivision |
Colombia |
| General subdivision |
Social conditions. |
| 651 #0 - SUBJECT ADDED ENTRY--GEOGRAPHIC NAME |
| Geographic name |
Colombia |
| General subdivision |
Social conditions |
| Chronological subdivision |
1970- |
| 650 #0 - SUBJECT ADDED ENTRY--TOPICAL TERM |
| Topical term or geographic name entry element |
Social change |
| Geographic subdivision |
Colombia. |
| 650 #0 - SUBJECT ADDED ENTRY--TOPICAL TERM |
| Topical term or geographic name entry element |
Women textile workers |
| Geographic subdivision |
Colombia. |
| 655 #0 - INDEX TERM--GENRE/FORM |
| Genre/form data or focus term |
Electronic books. |
| 700 1# - ADDED ENTRY--PERSONAL NAME |
| Personal name |
Arango, Luz Gabriela, |
| Relator term |
author. |
| 700 1# - ADDED ENTRY--PERSONAL NAME |
| Personal name |
Robledo, Ángela Inés, |
| Dates associated with a name |
1954- |
| Relator term |
contributor agent of text. |
| 700 1# - ADDED ENTRY--PERSONAL NAME |
| Personal name |
Barreto Gama, Juanita, |
| Dates associated with a name |
1951- |
| Relator term |
contributor agent of text. |
| 791 2# - |
| -- |
Digitalia (Firm), |
| -- |
distributor. |
| 793 0# - |
| -- |
Digitalia eBook Collection: |
| -- |
Universidad Nacional de Colombia |
| 776 08 - ADDITIONAL PHYSICAL FORM ENTRY |
| Relationship information |
Print version: |
| Title |
Mujeres, hombres y cambio social. |
| Edition |
1a ed. |
| Place, publisher, and date of publication |
Santafé de Bogotá : Facultad de Ciencias Humanas UN, 1998 |
| International Standard Book Number |
9589625940 |
| Record control number |
(DLC) 99204217 |
| -- |
(OCoLC)40742304 |
| 830 #0 - SERIES ADDED ENTRY--UNIFORM TITLE |
| Uniform title |
Colección CES. |
| 856 40 - ELECTRONIC LOCATION AND ACCESS |
| Materials specified |
Digitalia Hispánica |
| Uniform Resource Identifier |
<a href="https://www.digitaliapublishing.com/a/62187/">https://www.digitaliapublishing.com/a/62187/</a> |
| 910 ## - USER-OPTION DATA (OCLC) |
| User-option data |
Premium collection: 2020 |
| 942 ## - ADDED ENTRY ELEMENTS (KOHA) |
| Koha item type |
Recurso Electrónico |